Datum a čas kvízu

38 Celkem bodů Celkový počet nahraných bodů na tomto kvízu bez doplňovacích otázek.
1. Pořadí na kvízu Konečné umístění týmu na tomto kvízu.

Zaznamenané odpovědi

# Otázka Odpověď Body Výsledky
1. Městský soud v Praze vyhlásil... Firo-tour 1
2. Premiér jisté země minulý týde... Japonsko 1
3. Minulý týden vstoupil do český... Tenet 1
4. Minulý týden byl oznámen konec... Internet Explorer 1
5. V sobotu začal nejslavnější cy... Nice 0
6. V tomto tématu se podíváme na... (druhá) punská válka 1
7. V roce 1805 se odehrála bitva... Cádiz 1
8. Jak se jmenoval americký gener... Robert Edward Lee 1
9. Německo poprvé ve velkém měřít... Ypry / Ypres 1
10. Kniha Černý jestřáb sestřelen... v Somálsku 1